000 00453nam a22001697a 4500
005 20211216105510.0
008 170118b xxu||||| |||| 00| 0 eng d
020 _a9789380027043
040 _cc
082 _a671
_bNAR
100 _aNarula, Virender
_986727
245 _aManufacturing Processes /
_cVirender, Narula
260 _aNew Delhi :
_bS.K. Kataria & Sons,
_c2010.
300 _a378 p. ;
_c24 cm.
500 _aPaperback.
942 _2ddc
_cBK
999 _c173068
_d173068